Normal view
MARC view
Entry Topical Term
001 - CONTROL NUMBER
- control field: 855133
003 - CONTROL NUMBER IDENTIFIER
- control field: OSt
005 - DATE AND TIME OF LATEST TRANSACTION
- control field: 20251208113736.0
008 - FIXED-LENGTH DATA ELEMENTS
- fixed length control field: 251208|| aca||aabn | a|a d
040 ## - CATALOGING SOURCE
- Original cataloging agency: OSt
- Transcribing agency: OSt
150 ## - HEADING--TOPICAL TERM
- Topical term or geographic name entry element: हिन्दी कहानी
670 ## - SOURCE DATA FOUND
- Source citation: Work cat.: (OSt)1019271: राजकिशोर, ले. 855131, तुम्हारा सुख, 2004.
